BASIC for teachers / (Record no. 59538)
[ view plain ]
| 000 -LEADER | |
|---|---|
| fixed length control field | 00946nam a2200265 a 4500 |
| 001 - CONTROL NUMBER | |
| control field | 59538 |
| 003 - CONTROL NUMBER IDENTIFIER | |
| rucl marc code | BD-RjUL |
| 005 - DATE AND TIME OF LATEST TRANSACTION | |
| control field | 20211209080737.0 |
| 008 - FIXED-LENGTH DATA ELEMENTS--GENERAL INFORMATION | |
| fixed length control field | 161226s1984 enka 000 0 eng |
| 035 ## - SYSTEM CONTROL NUMBER | |
| System control number | (BD-RjUL)59662 |
| 040 ## - CATALOGING SOURCE | |
| Original cataloging agency | DLC |
| Transcribing agency | DLC |
| Modifying agency | BD-RjUL |
| Language of cataloging | eng |
| 041 ## - LANGUAGE CODE | |
| Language code of text/sound track or separate title | eng |
| 082 00 - DEWEY DECIMAL CLASSIFICATION NUMBER | |
| Classification number | 004 |
| Edition number | 23 |
| Author mark and year | BEB 1984 |
| 100 1# - MAIN ENTRY--PERSONAL NAME | |
| Personal name | Besag, Frank P. |
| 9 (RLIN) | 177087 |
| 245 10 - TITLE STATEMENT | |
| Title | BASIC for teachers / |
| Statement of responsibility, etc. | Frank P. Besag, Leonard P. Levine. |
| 260 ## - PUBLICATION, DISTRIBUTION, ETC. (IMPRINT) | |
| Place of publication, distribution, etc. | Beverly Hills : |
| Name of publisher, distributor, etc. | Sage Publications, |
| Date of publication, distribution, etc. | c1984. |
| 300 ## - PHYSICAL DESCRIPTION | |
| Pagination | 208 p. : |
| Illustrations | ill. ; |
| Size | 28 cm. |
| 650 #0 - SUBJECT ADDED ENTRY--TOPICAL TERM | |
| Topical term or geographic name as entry element | BASIC (Computer program language) |
| 9 (RLIN) | 177088 |
| 700 1# - ADDED ENTRY--PERSONAL NAME | |
| Personal name | Levine, Leonard P. |
| Fuller form of name | (Leonard Phillip), |
| Dates associated with a name | 1932- |
| 856 42 - ELECTRONIC LOCATION AND ACCESS | |
| Materials specified | Publisher description |
| Uniform Resource Identifier | <a href="http://www.loc.gov/catdir/enhancements/fy0654/84006953-d.html">http://www.loc.gov/catdir/enhancements/fy0654/84006953-d.html</a> |
| Materials specified | Table of contents only |
| Uniform Resource Identifier | <a href="http://www.loc.gov/catdir/enhancements/fy0654/84006953-t.html">http://www.loc.gov/catdir/enhancements/fy0654/84006953-t.html</a> |
| 942 ## - ADDED ENTRY ELEMENTS (KOHA) | |
| Source of classification or shelving scheme | Dewey Decimal Classification |
| Koha item type | Books |
| Lost status | Source of classification or shelving scheme | Damaged status | Not for loan | Collection code | Permanent Location | Current Location | Shelving location | Date acquired | Source of acquisition | Total Checkouts | Full call number | Date last seen | Copy number | Koha item type |
|---|---|---|---|---|---|---|---|---|---|---|---|---|---|---|
| Dewey Decimal Classification | Not For Loan | Non-fiction | Central Library, University of Rajshahi | Central Library, University of Rajshahi | Reading Room | 17/05/1990 | U.S.Govt. | 004 BEB 1984 | 26/12/2016 | C-1 | Books | |||
| Dewey Decimal Classification | Non-fiction | Central Library, University of Rajshahi | Central Library, University of Rajshahi | 17/05/1990 | U.S.Govt. | 004 BEB 1984 | 04/04/2017 | C-2 | Books |